[Event "Najdorf Memorial"]
[Site "Warsaw POL"]
[Date "2021.07.12"]
[Round "3.21"]
[White "Smieszek, Wojciech"]
[Black "Seemann, Jakub"]
[Result "0-1"]
[WhiteElo "2107"]
[BlackElo "2300"]
[EventDate "2021.07.10"]
[PlyCount "52"]
[LiveChessVersion "1.4.8"]

1.e4 {[%clk 1:30:54]} 1...c5 {[%clk 1:30:56]} 2.Nf3 {[%clk 1:31:18]} 2...d6
{[%clk 1:31:21]} 3.d4 {[%clk 1:31:44]} 3...cxd4 {[%clk 1:31:47]} 4.Nxd4 {[%clk
1:32:10]} 4...Nf6 {[%clk 1:32:12]} 5.Nc3 {[%clk 1:32:35]} 5...Nc6 {[%clk
1:32:37]} 6.Bc4 {[%clk 1:32:30]} 6...e6 {[%clk 1:32:37]} 7.Be3 {[%clk 1:32:44]}
7...Be7 {[%clk 1:32:34]} 8.Qe2 {[%clk 1:32:50]} 8...a6 {[%clk 1:32:18]} 9.Bb3
{[%clk 1:32:58]} 9...Qc7 {[%clk 1:32:43]} 10.O-O-O {[%clk 1:33:13]} 10...b5
{[%clk 1:32:27]} 11.Nxc6 {[%clk 1:23:46]} 11...Qxc6 {[%clk 1:32:42]} 12.g4
{[%clk 1:23:01]} 12...Nxe4 {[%clk 1:24:51]} 13.Nd5 {[%clk 1:20:09]} 13...Nc5
{[%clk 1:11:21]} 14.Nxe7 {[%clk 1:09:21]} 14...Nxb3+ {[%clk 1:10:02]} 15.axb3
{[%clk 1:09:45]} 15...Kxe7 {[%clk 1:10:21]} 16.Bf4 {[%clk 1:00:53]} 16...Rd8
{[%clk 1:02:56]} 17.Qd3 {[%clk 0:59:05]} 17...e5 {[%clk 0:50:30]} 18.Bg5+
{[%clk 0:50:21]} 18...f6 {[%clk 0:50:54]} 19.Qxh7 {[%clk 0:50:32]} 19...Rf8
{[%clk 0:37:53]} 20.Bd2 {[%clk 0:48:05]} 20...a5 {[%clk 0:36:14]} 21.g5 {[%clk
0:44:37]} 21...Rf7 {[%clk 0:36:26]} 22.f4 {[%clk 0:37:14]} 22...fxg5 {[%clk
0:35:16]} 23.Qh5 {[%clk 0:20:50]} 23...Bf5 {[%clk 0:34:54]} 24.Qxg5+ {[%clk
0:21:06]} 24...Ke8 {[%clk 0:34:48]} 25.Bc3 {[%clk 0:19:35]} 25...Qe4 {[%clk
0:35:14]} 26.Kb1 {[%clk 0:19:40]} 26...Qxc2+ {[%clk 0:35:39]} 0-1

[Event "Najdorf Memorial"]
[Site "Warsaw POL"]
[Date "2021.07.12"]
[Round "3.22"]
[White "Chylewski, Patryk"]
[Black "Dwilewicz, Katarzyna"]
[Result "1/2-1/2"]
[WhiteElo "2290"]
[BlackElo "2082"]
[EventDate "2021.07.10"]
[PlyCount "63"]
[LiveChessVersion "1.4.8"]

1.e4 {[%clk 1:30:53]} 1...c5 {[%clk 1:30:39]} 2.Nf3 {[%clk 1:31:18]} 2...e6
{[%clk 1:31:04]} 3.d4 {[%clk 1:31:10]} 3...cxd4 {[%clk 1:31:21]} 4.Nxd4 {[%clk
1:31:31]} 4...Nc6 {[%clk 1:31:40]} 5.Nc3 {[%clk 1:31:56]} 5...Qc7 {[%clk
1:32:02]} 6.g3 {[%clk 1:27:54]} 6...a6 {[%clk 1:31:41]} 7.Bg2 {[%clk 1:28:19]}
7...Nf6 {[%clk 1:32:03]} 8.O-O {[%clk 1:28:31]} 8...Nxd4 {[%clk 1:29:59]}
9.Qxd4 {[%clk 1:28:39]} 9...Bc5 {[%clk 1:30:18]} 10.Qd3 {[%clk 1:28:41]}
10...d6 {[%clk 1:18:59]} 11.Bf4 {[%clk 1:26:07]} 11...h6 {[%clk 1:13:50]}
12.Rad1 {[%clk 1:25:57]} 12...e5 {[%clk 1:13:44]} 13.Be3 {[%clk 1:26:22]}
13...Bg4 {[%clk 1:10:39]} 14.Rd2 {[%clk 1:21:13]} 14...O-O {[%clk 1:06:29]}
15.Bxc5 {[%clk 1:20:22]} 15...dxc5 {[%clk 1:06:52]} 16.Nd5 {[%clk 1:20:26]}
16...Nxd5 {[%clk 1:07:06]} 17.exd5 {[%clk 1:20:49]} 17...Qd6 {[%clk 1:01:57]}
18.Re1 {[%clk 1:15:30]} 18...Rfe8 {[%clk 0:54:36]} 19.c4 {[%clk 1:15:18]}
19...Rad8 {[%clk 0:54:31]} 20.h3 {[%clk 1:09:33]} 20...Bc8 {[%clk 0:51:36]}
21.Rde2 {[%clk 1:09:23]} 21...f5 {[%clk 0:38:28]} 22.Qc3 {[%clk 1:08:19]}
22...e4 {[%clk 0:38:38]} 23.Kh2 {[%clk 1:06:57]} 23...Bd7 {[%clk 0:33:53]}
24.f3 {[%clk 1:06:24]} 24...exf3 {[%clk 0:31:00]} 25.Qxf3 {[%clk 1:06:19]}
25...Rxe2 {[%clk 0:28:48]} 26.Rxe2 {[%clk 1:06:27]} 26...b6 {[%clk 0:26:25]}
27.h4 {[%clk 0:56:22]} 27...Bc8 {[%clk 0:23:03]} 28.Bh3 {[%clk 0:47:09]}
28...Rf8 {[%clk 0:22:12]} 29.Qc3 {[%clk 0:40:43]} 29...Bd7 {[%clk 0:14:43]}
30.Qe1 {[%clk 0:37:56]} 30...Rf7 {[%clk 0:11:20]} 31.Re5 {[%clk 0:36:10]}
31...Kf8 {[%clk 0:09:11]} 32.h5 {[%clk 0:20:30]} 1/2-1/2

[Event "Najdorf Memorial"]
[Site "Warsaw POL"]
[Date "2021.07.12"]
[Round "3.23"]
[White "Karpus, Michal"]
[Black "Kacprzak, Kacper"]
[Result "0-1"]
[WhiteElo "2271"]
[BlackElo "2075"]
[EventDate "2021.07.10"]
[PlyCount "84"]
[LiveChessVersion "1.4.8"]

1.e4 {[%clk 1:30:57]} 1...c5 {[%clk 1:30:48]} 2.Nf3 {[%clk 1:31:17]} 2...d6
{[%clk 1:31:12]} 3.d4 {[%clk 1:31:28]} 3...cxd4 {[%clk 1:31:38]} 4.Nxd4 {[%clk
1:31:51]} 4...Nf6 {[%clk 1:32:02]} 5.Nc3 {[%clk 1:32:14]} 5...a6 {[%clk
1:32:27]} 6.Be3 {[%clk 1:32:18]} 6...e6 {[%clk 1:32:43]} 7.Be2 {[%clk 1:32:02]}
7...Qc7 {[%clk 1:32:06]} 8.f4 {[%clk 1:27:56]} 8...b5 {[%clk 1:20:14]} 9.a3
{[%clk 1:20:34]} 9...Bb7 {[%clk 1:16:48]} 10.Bd3 {[%clk 1:15:49]} 10...Nbd7
{[%clk 1:13:00]} 11.Qf3 {[%clk 1:10:56]} 11...Nc5 {[%clk 1:05:54]} 12.O-O
{[%clk 1:09:11]} 12...Be7 {[%clk 1:04:54]} 13.Rac1 {[%clk 1:06:25]} 13...O-O
{[%clk 1:01:08]} 14.b4 {[%clk 1:01:35]} 14...Ncd7 {[%clk 1:00:31]} 15.Nb1
{[%clk 0:58:47]} 15...Nb6 {[%clk 0:53:20]} 16.Nd2 {[%clk 0:54:34]} 16...Nc4
{[%clk 0:50:05]} 17.Bxc4 {[%clk 0:51:22]} 17...bxc4 {[%clk 0:50:29]} 18.c3
{[%clk 0:51:34]} 18...Rfd8 {[%clk 0:42:07]} 19.Bf2 {[%clk 0:48:51]} 19...g6
{[%clk 0:32:27]} 20.Qe2 {[%clk 0:39:26]} 20...e5 {[%clk 0:28:20]} 21.N4f3
{[%clk 0:38:13]} 21...Nh5 {[%clk 0:25:11]} 22.f5 {[%clk 0:25:54]} 22...Nf4
{[%clk 0:22:22]} 23.Qe3 {[%clk 0:26:11]} 23...gxf5 {[%clk 0:20:51]} 24.exf5
{[%clk 0:25:00]} 24...f6 {[%clk 0:17:02]} 25.Bg3 {[%clk 0:21:02]} 25...Nd3
{[%clk 0:16:22]} 26.Rcd1 {[%clk 0:20:43]} 26...d5 {[%clk 0:15:40]} 27.Ne1
{[%clk 0:12:47]} 27...Nb2 {[%clk 0:13:21]} 28.Rc1 {[%clk 0:12:48]} 28...Na4
{[%clk 0:08:22]} 29.Kh1 {[%clk 0:12:12]} 29...Bf8 {[%clk 0:07:41]} 30.Nef3
{[%clk 0:10:18]} 30...Re8 {[%clk 0:06:03]} 31.Qe2 {[%clk 0:05:52]} 31...Rad8
{[%clk 0:05:51]} 32.Nh4 {[%clk 0:04:21]} 32...Qf7 {[%clk 0:04:58]} 33.Ndf3
{[%clk 0:02:50]} 33...Bh6 {[%clk 0:02:10]} 34.Nd2 {[%clk 0:01:09]} 34...Kh8
{[%clk 0:01:39]} 35.Rc2 {[%clk 0:01:18]} 35...Nb6 {[%clk 0:01:30]} 36.Qf2
{[%clk 0:00:38]} 36...d4 {[%clk 0:01:21]} 37.cxd4 {[%clk 0:00:36]} 37...exd4
38.Bf4 {[%clk 0:00:35]} 38...Bxf4 {[%clk 0:01:17]} 39.Qxf4 {[%clk 0:00:59]}
39...Re2 {[%clk 0:01:05]} 40.Nxc4 {[%clk 0:30:34]} 40...Rxc2 {[%clk 0:31:18]}
41.Nxb6 {[%clk 0:30:43]} 41...Qc7 {[%clk 0:30:53]} 42.Qh6 {[%clk 0:29:53]}
42...Qg7 {[%clk 0:30:13]} 0-1

[Event "Najdorf Memorial"]
[Site "Warsaw POL"]
[Date "2021.07.12"]
[Round "3.24"]
[White "Grzesik, Gracjan"]
[Black "Baum, Jonasz"]
[Result "0-1"]
[WhiteElo "2063"]
[BlackElo "2260"]
[EventDate "2021.07.10"]
[PlyCount "74"]
[LiveChessVersion "1.4.8"]

1.c4 {[%clk 1:30:53]} 1...e5 {[%clk 1:30:47]} 2.Nc3 {[%clk 1:31:12]} 2...Nc6
{[%clk 1:31:11]} 3.g3 {[%clk 1:31:12]} 3...Bc5 {[%clk 1:31:28]} 4.Bg2 {[%clk
1:31:03]} 4...d6 {[%clk 1:31:45]} 5.e3 {[%clk 1:30:10]} 5...a6 {[%clk 1:31:11]}
6.Nge2 {[%clk 1:30:18]} 6...Ba7 {[%clk 1:30:36]} 7.a3 {[%clk 1:23:48]} 7...h5
{[%clk 1:28:29]} 8.h4 {[%clk 1:16:17]} 8...Nf6 {[%clk 1:25:53]} 9.d3 {[%clk
1:12:19]} 9...Bf5 {[%clk 1:17:25]} 10.b4 {[%clk 1:08:11]} 10...Qd7 {[%clk
1:15:55]} 11.Nd5 {[%clk 1:00:24]} 11...Ng4 {[%clk 1:05:55]} 12.b5 {[%clk
0:48:45]} 12...axb5 {[%clk 1:01:58]} 13.cxb5 {[%clk 0:49:02]} 13...Nd8 {[%clk
1:00:52]} 14.b6 {[%clk 0:39:14]} 14...Bxb6 {[%clk 1:00:33]} 15.Nxb6 {[%clk
0:39:05]} 15...cxb6 {[%clk 1:01:02]} 16.d4 {[%clk 0:36:52]} 16...Nf6 {[%clk
0:48:39]} 17.Qb3 {[%clk 0:21:50]} 17...O-O {[%clk 0:40:24]} 18.Bb2 {[%clk
0:18:05]} 18...Nc6 {[%clk 0:31:22]} 19.dxe5 {[%clk 0:13:47]} 19...dxe5 {[%clk
0:30:54]} 20.Qxb6 {[%clk 0:07:19]} 20...Ra6 {[%clk 0:14:08]} 21.Qb3 {[%clk
0:02:28]} 21...Be4 {[%clk 0:08:58]} 22.O-O {[%clk 0:01:22]} 22...Bxg2 {[%clk
0:06:34]} 23.Kxg2 {[%clk 0:01:40]} 23...Na5 {[%clk 0:06:30]} 24.Qc3 {[%clk
0:00:37]} 24...Qd5+ {[%clk 0:06:37]} 25.f3 {[%clk 0:00:35]} 25...Rc6 {[%clk
0:06:40]} 26.Qxe5 {[%clk 0:00:36]} 26...Qd2 {[%clk 0:06:33]} 27.Bc3 {[%clk
0:00:33]} 27...Qxe2+ {[%clk 0:05:11]} 28.Rf2 {[%clk 0:00:56]} 28...Qc4 {[%clk
0:05:01]} 29.Bb4 {[%clk 0:00:39]} 29...Ra8 {[%clk 0:04:21]} 30.Rd1 {[%clk
0:00:38]} 30...Re6 {[%clk 0:04:10]} 31.Qg5 {[%clk 0:00:35]} 31...Nc6 {[%clk
0:04:31]} 32.Bd6 {[%clk 0:00:32]} 32...Ra5 {[%clk 0:04:27]} 33.Qf4 {[%clk
0:00:34]} 33...Qxf4 {[%clk 0:04:49]} 34.Bxf4 {[%clk 0:00:38]} 34...Nd5 {[%clk
0:04:45]} 35.Rb2 {[%clk 0:00:38]} 35...Nxe3+ {[%clk 0:04:17]} 36.Bxe3 {[%clk
0:01:06]} 36...Rxe3 {[%clk 0:04:41]} 37.Rxb7 {[%clk 0:01:17]} 37...Raxa3 {[%clk
0:04:42]} 0-1

[Event "Najdorf Memorial"]
[Site "Warsaw POL"]
[Date "2021.07.12"]
[Round "3.25"]
[White "Kiolbasa, Oliwia"]
[Black "Dalkowski, Rafal"]
[Result "1-0"]
[WhiteElo "2255"]
[BlackElo "1980"]
[EventDate "2021.07.10"]
[PlyCount "109"]
[LiveChessVersion "1.4.8"]

1.e4 {[%clk 1:30:57]} 1...c5 {[%clk 1:30:53]} 2.Nf3 {[%clk 1:31:18]} 2...g6
{[%clk 1:31:17]} 3.d4 {[%clk 1:31:36]} 3...cxd4 {[%clk 1:31:39]} 4.Nxd4 {[%clk
1:31:57]} 4...Nc6 {[%clk 1:31:58]} 5.c4 {[%clk 1:32:05]} 5...Nf6 {[%clk
1:32:19]} 6.Nc3 {[%clk 1:32:26]} 6...Nxd4 {[%clk 1:32:40]} 7.Qxd4 {[%clk
1:32:43]} 7...d6 {[%clk 1:33:05]} 8.Be2 {[%clk 1:32:50]} 8...Bg7 {[%clk
1:33:21]} 9.Be3 {[%clk 1:32:54]} 9...O-O {[%clk 1:33:44]} 10.Qd2 {[%clk
1:33:13]} 10...a5 {[%clk 1:33:56]} 11.f3 {[%clk 1:33:24]} 11...a4 {[%clk
1:34:17]} 12.Rc1 {[%clk 1:33:28]} 12...Be6 {[%clk 1:34:34]} 13.Kf2 {[%clk
1:31:39]} 13...Nd7 {[%clk 1:33:47]} 14.Rhd1 {[%clk 1:31:44]} 14...Nc5 {[%clk
1:23:12]} 15.Bxc5 {[%clk 1:09:14]} 15...dxc5 {[%clk 1:22:47]} 16.Qxd8 {[%clk
1:09:33]} 16...Rfxd8 {[%clk 1:23:00]} 17.Rxd8+ {[%clk 1:09:39]} 17...Rxd8
{[%clk 1:23:19]} 18.Nxa4 {[%clk 1:10:03]} 18...g5 {[%clk 0:57:29]} 19.a3 {[%clk
0:58:10]} 19...Bd4+ {[%clk 0:43:56]} 20.Ke1 {[%clk 0:55:59]} 20...Ra8 {[%clk
0:41:17]} 21.Nc3 {[%clk 0:50:04]} 21...Bg1 {[%clk 0:36:20]} 22.h3 {[%clk
0:43:47]} 22...Be3 {[%clk 0:32:50]} 23.Rc2 {[%clk 0:36:54]} 23...Kg7 {[%clk
0:32:29]} 24.Bd3 {[%clk 0:34:34]} 24...Kf6 {[%clk 0:28:13]} 25.Nb5 {[%clk
0:28:17]} 25...Bf4 {[%clk 0:24:22]} 26.Rc3 {[%clk 0:28:21]} 26...Bd7 {[%clk
0:23:23]} 27.Rb3 {[%clk 0:22:25]} 27...Bc6 {[%clk 0:21:03]} 28.Nc3 {[%clk
0:21:10]} 28...e6 {[%clk 0:20:46]} 29.Ne2 {[%clk 0:19:13]} 29...Bc7 {[%clk
0:18:30]} 30.Kf2 {[%clk 0:14:50]} 30...h5 {[%clk 0:17:17]} 31.g3 {[%clk
0:10:10]} 31...Rh8 {[%clk 0:16:21]} 32.h4 {[%clk 0:07:16]} 32...gxh4 {[%clk
0:15:30]} 33.gxh4 {[%clk 0:07:42]} 33...Rg8 {[%clk 0:15:04]} 34.Rc3 {[%clk
0:07:24]} 34...Be5 {[%clk 0:12:30]} 35.Rc2 {[%clk 0:06:22]} 35...Ke7 {[%clk
0:09:53]} 36.b4 {[%clk 0:04:23]} 36...b6 {[%clk 0:09:48]} 37.b5 {[%clk 0:03:17]}
37...Bb7 {[%clk 0:09:33]} 38.a4 {[%clk 0:03:17]} 38...Bf6 {[%clk 0:09:25]}
39.Ra2 {[%clk 0:01:20]} 39...Bxh4+ {[%clk 0:08:44]} 40.Kf1 {[%clk 0:31:33]}
40...Kd7 {[%clk 0:32:26]} 41.Nf4 {[%clk 0:22:49]} 41...Rg3 {[%clk 0:22:57]}
42.Be2 {[%clk 0:19:58]} 42...Rg5 {[%clk 0:15:16]} 43.a5 {[%clk 0:14:40]}
43...Bg3 {[%clk 0:13:15]} 44.Nd3 {[%clk 0:09:27]} 44...Kc7 {[%clk 0:12:07]}
45.f4 {[%clk 0:07:26]} 45...Rg7 {[%clk 0:11:56]} 46.axb6+ {[%clk 0:06:40]}
46...Kxb6 {[%clk 0:12:04]} 47.Bxh5 {[%clk 0:05:48]} 47...Bxe4 {[%clk 0:10:11]}
48.Ra6+ {[%clk 0:05:48]} 48...Kc7 {[%clk 0:10:19]} 49.Nxc5 {[%clk 0:06:02]}
49...Bb7 {[%clk 0:08:49]} 50.Nxb7 {[%clk 0:02:26]} 50...Kxb7 {[%clk 0:09:11]}
51.Bf3+ {[%clk 0:02:53]} 51...Kc8 {[%clk 0:08:16]} 52.Ra8+ {[%clk 0:02:10]}
52...Kd7 {[%clk 0:05:54]} 53.c5 {[%clk 0:02:20]} 53...Bxf4 {[%clk 0:05:50]}
54.b6 {[%clk 0:02:32]} 54...Bc7 {[%clk 0:04:17]} 55.Ra7 {[%clk 0:02:23]} 1-0

[Event "Najdorf Memorial"]
[Site "Warsaw POL"]
[Date "2021.07.12"]
[Round "3.26"]
[White "Derylo, Kamil"]
[Black "Mickiewicz, Piotr"]
[Result "0-1"]
[WhiteElo "2062"]
[BlackElo "2247"]
[EventDate "2021.07.10"]
[PlyCount "92"]
[LiveChessVersion "1.4.8"]

1.e4 {[%clk 1:27:01]} 1...e5 {[%clk 1:28:54]} 2.d4 {[%clk 1:27:11]} 2...Nc6
{[%clk 1:28:33]} 3.Nf3 {[%clk 1:24:50]} 3...exd4 {[%clk 1:27:54]} 4.Bc4 {[%clk
1:24:57]} 4...Bc5 {[%clk 1:26:00]} 5.c3 {[%clk 1:25:00]} 5...Nf6 {[%clk
1:26:02]} 6.e5 {[%clk 1:24:43]} 6...d5 {[%clk 1:26:20]} 7.Be2 {[%clk 1:24:59]}
7...Ne4 {[%clk 1:26:30]} 8.cxd4 {[%clk 1:25:22]} 8...Bb6 {[%clk 1:26:51]} 9.O-O
{[%clk 1:19:19]} 9...O-O {[%clk 1:26:29]} 10.Be3 {[%clk 1:15:42]} 10...Bg4
{[%clk 1:17:23]} 11.Nbd2 {[%clk 1:11:35]} 11...f5 {[%clk 0:49:00]} 12.exf6
{[%clk 1:08:08]} 12...Qxf6 {[%clk 0:37:16]} 13.Nb3 {[%clk 0:48:43]} 13...Rae8
{[%clk 0:30:04]} 14.Rc1 {[%clk 0:48:09]} 14...Qg6 {[%clk 0:16:06]} 15.Nh4
{[%clk 0:33:51]} 15...Bxe2 {[%clk 0:15:52]} 16.Qxe2 {[%clk 0:34:13]} 16...Qe6
{[%clk 0:11:36]} 17.a3 {[%clk 0:30:14]} 17...Nxf2 {[%clk 0:10:11]} 18.Rxf2
{[%clk 0:29:25]} 18...Qxe3 {[%clk 0:08:07]} 19.Qxe3 {[%clk 0:29:43]} 19...Rxe3
{[%clk 0:08:32]} 20.Nc5 {[%clk 0:26:04]} 20...Nxd4 {[%clk 0:02:58]} 21.Rxf8+
{[%clk 0:25:43]} 21...Kxf8 {[%clk 0:03:26]} 22.Nd7+ {[%clk 0:25:41]} 22...Ke8
{[%clk 0:03:53]} 23.Nxb6 {[%clk 0:25:59]} 23...Ne2+ {[%clk 0:02:24]} 24.Kf2
{[%clk 0:26:20]} 24...Nxc1 {[%clk 0:02:51]} 25.Kxe3 {[%clk 0:26:40]} 25...axb6
{[%clk 0:03:16]} 26.Kd4 {[%clk 0:26:05]} 26...c6 {[%clk 0:03:35]} 27.b4 {[%clk
0:22:49]} 27...Ne2+ {[%clk 0:02:50]} 28.Ke5 {[%clk 0:22:13]} 28...Kd7 {[%clk
0:02:04]} 29.Nf5 {[%clk 0:22:28]} 29...g6 {[%clk 0:02:01]} 30.Ne3 {[%clk
0:20:53]} 30...Nc3 {[%clk 0:01:18]} 31.g4 {[%clk 0:19:56]} 31...Ke7 {[%clk
0:00:58]} 32.h4 {[%clk 0:19:43]} 32...b5 {[%clk 0:00:40]} 33.g5 {[%clk 0:14:32]}
33...Ne4 {[%clk 0:01:08]} 34.Ng4 {[%clk 0:14:34]} 34...b6 {[%clk 0:01:01]}
35.Nh6 {[%clk 0:13:59]} 35...Nd6 {[%clk 0:00:58]} 36.Ng8+ {[%clk 0:14:18]}
36...Kf8 {[%clk 0:01:26]} 37.Nf6 {[%clk 0:14:11]} 37...Nc4+ {[%clk 0:01:49]}
38.Kd4 {[%clk 0:13:21]} 38...Ke7 {[%clk 0:00:46]} 39.Nxh7 {[%clk 0:13:19]}
39...Nxa3 {[%clk 0:00:41]} 40.Nf6 {[%clk 0:41:42]} 40...Ke6 {[%clk 0:30:36]}
41.h5 {[%clk 0:36:59]} 41...gxh5 {[%clk 0:30:27]} 42.Nxh5 {[%clk 0:37:24]}
42...Nc2+ {[%clk 0:24:01]} 43.Kc3 {[%clk 0:37:09]} 43...Ne3 {[%clk 0:24:17]}
44.g6 {[%clk 0:33:00]} 44...Nf5 {[%clk 0:23:11]} 45.g7 {[%clk 0:30:01]}
45...Kf7 {[%clk 0:18:33]} 46.Nf4 {[%clk 0:19:49]} 46...Nxg7 {[%clk 0:18:13]} 0-1

[Event "Najdorf Memorial"]
[Site "Warsaw POL"]
[Date "2021.07.12"]
[Round "3.27"]
[White "Kaminski, Maciej"]
[Black "Rudzinska, Michalina"]
[Result "1-0"]
[WhiteElo "1845"]
[BlackElo "2238"]
[EventDate "2021.07.10"]
[PlyCount "137"]
[LiveChessVersion "1.4.8"]

1.d4 {[%clk 1:30:57]} 1...Nf6 {[%clk 1:30:48]} 2.c4 {[%clk 1:31:20]} 2...e6
{[%clk 1:31:08]} 3.g3 {[%clk 1:31:26]} 3...c5 {[%clk 1:31:24]} 4.d5 {[%clk
1:31:02]} 4...exd5 {[%clk 1:31:42]} 5.cxd5 {[%clk 1:31:24]} 5...d6 {[%clk
1:32:05]} 6.Nc3 {[%clk 1:31:47]} 6...g6 {[%clk 1:32:27]} 7.Bg2 {[%clk 1:32:05]}
7...Bg7 {[%clk 1:32:50]} 8.Nf3 {[%clk 1:32:26]} 8...O-O {[%clk 1:33:05]} 9.O-O
{[%clk 1:32:48]} 9...Re8 {[%clk 1:33:06]} 10.Bf4 {[%clk 1:33:05]} 10...Ne4
{[%clk 1:28:11]} 11.Rc1 {[%clk 1:23:17]} 11...Nxc3 {[%clk 1:18:59]} 12.bxc3
{[%clk 1:23:34]} 12...b5 {[%clk 1:15:57]} 13.Nd2 {[%clk 1:09:10]} 13...g5
{[%clk 1:07:28]} 14.Be3 {[%clk 1:09:17]} 14...h6 {[%clk 1:03:27]} 15.Bxc5
{[%clk 0:47:44]} 15...dxc5 {[%clk 1:03:40]} 16.d6 {[%clk 0:48:08]} 16...Bg4
{[%clk 0:52:29]} 17.Bxa8 {[%clk 0:48:07]} 17...Bxe2 {[%clk 0:52:52]} 18.Qb3
{[%clk 0:48:27]} 18...Bxf1 {[%clk 0:44:38]} 19.Nxf1 {[%clk 0:48:34]} 19...Qb6
{[%clk 0:41:16]} 20.Ne3 {[%clk 0:33:20]} 20...c4 {[%clk 0:41:00]} 21.Qd1 {[%clk
0:33:20]} 21...Nd7 {[%clk 0:40:12]} 22.Bd5 {[%clk 0:30:37]} 22...Ne5 {[%clk
0:34:14]} 23.Be4 {[%clk 0:27:43]} 23...a5 {[%clk 0:22:40]} 24.Nf5 {[%clk
0:24:59]} 24...Ng6 {[%clk 0:22:07]} 25.Qd5 {[%clk 0:23:09]} 25...Ne5 {[%clk
0:17:23]} 26.Ne7+ {[%clk 0:17:38]} 26...Kf8 {[%clk 0:16:50]} 27.Kg2 {[%clk
0:12:44]} 27...Ng4 {[%clk 0:10:59]} 28.Rc2 {[%clk 0:08:11]} 28...Nf6 {[%clk
0:09:48]} 29.Qc6 {[%clk 0:08:26]} 29...Qxc6 {[%clk 0:09:46]} 30.Bxc6 {[%clk
0:08:49]} 30...Rd8 {[%clk 0:09:46]} 31.Nf5 {[%clk 0:07:34]} 31...Ne8 {[%clk
0:01:27]} 32.d7 {[%clk 0:02:37]} 32...Nc7 {[%clk 0:01:09]} 33.Nd6 {[%clk
0:02:39]} 33...Bf6 {[%clk 0:01:03]} 34.Nb7 {[%clk 0:01:38]} 34...Rb8 {[%clk
0:01:12]} 35.Nxa5 {[%clk 0:00:58]} 35...Ke7 {[%clk 0:01:23]} 36.Nb7 {[%clk
0:00:45]} 36...Ne6 {[%clk 0:01:48]} 37.Re2 {[%clk 0:00:49]} 37...Kf8 {[%clk
0:00:57]} 38.Nc5 {[%clk 0:00:51]} 38...Ke7 {[%clk 0:00:33]} 39.Nb7 {[%clk
0:00:42]} 39...Kf8 {[%clk 0:01:00]} 40.Re3 {[%clk 0:30:37]} 40...Be7 {[%clk
0:30:41]} 41.Re5 {[%clk 0:27:50]} 41...Nc7 {[%clk 0:28:44]} 42.Kf3 {[%clk
0:18:37]} 42...Bf6 {[%clk 0:23:47]} 43.Rf5 {[%clk 0:17:28]} 43...Be7 {[%clk
0:23:08]} 44.Na5 {[%clk 0:15:41]} 44...Rb6 {[%clk 0:20:41]} 45.Ke4 {[%clk
0:09:23]} 45...f6 {[%clk 0:17:19]} 46.Bd5 {[%clk 0:08:27]} 46...Rd6 {[%clk
0:16:33]} 47.Bc6 {[%clk 0:07:25]} 47...Re6+ {[%clk 0:07:31]} 48.Kf3 {[%clk
0:07:26]} 48...Bd8 {[%clk 0:05:09]} 49.Bxb5 {[%clk 0:05:55]} 49...Nxb5 {[%clk
0:05:22]} 50.Rxb5 {[%clk 0:06:23]} 50...Bxa5 {[%clk 0:00:41]} 51.Rxa5 {[%clk
0:05:33]} 51...Ke7 {[%clk 0:01:03]} 52.Rd5 {[%clk 0:05:56]} 52...Kd8 {[%clk
0:01:24]} 53.a4 {[%clk 0:06:03]} 53...Re1 {[%clk 0:01:04]} 54.a5 {[%clk
0:06:24]} 54...Rc1 {[%clk 0:01:06]} 55.Ke4 {[%clk 0:05:17]} 55...Rxc3 {[%clk
0:01:29]} 56.Kd4 {[%clk 0:05:42]} 56...Rc1 {[%clk 0:01:42]} 57.Kc5 {[%clk
0:04:29]} 57...c3 {[%clk 0:01:48]} 58.Kc6 {[%clk 0:02:53]} 58...c2 {[%clk
0:02:01]} 59.Rd2 {[%clk 0:02:25]} 59...Ra1 {[%clk 0:02:10]} 60.Rxc2 {[%clk
0:02:50]} 60...Rxa5 {[%clk 0:02:33]} 61.Kd6 {[%clk 0:03:15]} 61...Ra6+ {[%clk
0:02:21]} 62.Rc6 {[%clk 0:03:37]} 62...Rxc6+ {[%clk 0:02:23]} 63.Kxc6 {[%clk
0:04:01]} 63...g4 {[%clk 0:01:18]} 64.Kd6 {[%clk 0:04:23]} 64...h5 {[%clk
0:01:35]} 65.Ke6 {[%clk 0:04:47]} 65...f5 {[%clk 0:01:56]} 66.Kxf5 {[%clk
0:05:09]} 66...Kxd7 {[%clk 0:02:21]} 67.Kg5 {[%clk 0:05:35]} 67...Ke6 {[%clk
0:02:46]} 68.Kxh5 {[%clk 0:05:57]} 68...Kf5 {[%clk 0:03:09]} 69.Kh4 {[%clk
0:06:24]} 1-0

[Event "Najdorf Memorial"]
[Site "Warsaw POL"]
[Date "2021.07.12"]
[Round "3.28"]
[White "Murawko, Katarzyna"]
[Black "Chatalbashev, Boris"]
[Result "0-1"]
[WhiteElo "2046"]
[BlackElo "2530"]
[EventDate "2021.07.10"]
[PlyCount "82"]
[LiveChessVersion "1.4.8"]

1.e4 {[%clk 1:30:57]} 1...g6 {[%clk 1:30:55]} 2.d4 {[%clk 1:31:24]} 2...Bg7
{[%clk 1:31:21]} 3.Nc3 {[%clk 1:31:50]} 3...c6 {[%clk 1:31:46]} 4.Be3 {[%clk
1:32:16]} 4...d6 {[%clk 1:30:47]} 5.Qd2 {[%clk 1:29:23]} 5...b5 {[%clk 1:31:10]}
6.a4 {[%clk 1:28:14]} 6...b4 {[%clk 1:31:32]} 7.Nd1 {[%clk 1:28:36]} 7...a5
{[%clk 1:31:42]} 8.c3 {[%clk 1:26:15]} 8...bxc3 {[%clk 1:31:56]} 9.bxc3 {[%clk
1:26:38]} 9...Nf6 {[%clk 1:30:48]} 10.f3 {[%clk 1:26:54]} 10...O-O {[%clk
1:31:10]} 11.Bd3 {[%clk 1:23:54]} 11...Nbd7 {[%clk 1:29:37]} 12.Ne2 {[%clk
1:23:11]} 12...e5 {[%clk 1:29:57]} 13.Bh6 {[%clk 1:22:35]} 13...Nxe4 {[%clk
1:28:29]} 14.Bxe4 {[%clk 1:22:38]} 14...Qh4+ {[%clk 1:28:53]} 15.g3 {[%clk
1:21:58]} 15...Qxh6 {[%clk 1:29:16]} 16.Qxh6 {[%clk 1:21:16]} 16...Bxh6 {[%clk
1:29:39]} 17.Bxc6 {[%clk 1:21:42]} 17...Rb8 {[%clk 1:26:30]} 18.Bb5 {[%clk
1:21:32]} 18...Nb6 {[%clk 1:26:05]} 19.Kf2 {[%clk 1:20:05]} 19...Nd5 {[%clk
1:25:03]} 20.Nb2 {[%clk 1:05:55]} 20...exd4 {[%clk 1:19:47]} 21.cxd4 {[%clk
1:04:53]} 21...Be3+ {[%clk 1:00:48]} 22.Kg2 {[%clk 1:03:43]} 22...Bd7 {[%clk
0:56:36]} 23.Nc4 {[%clk 0:59:53]} 23...Bxb5 {[%clk 0:53:35]} 24.axb5 {[%clk
1:00:17]} 24...Rxb5 {[%clk 0:53:16]} 25.Rhb1 {[%clk 0:57:34]} 25...Rxb1 {[%clk
0:45:58]} 26.Rxb1 {[%clk 0:57:59]} 26...a4 {[%clk 0:45:14]} 27.Rb5 {[%clk
0:53:36]} 27...Rc8 {[%clk 0:45:33]} 28.Nxd6 {[%clk 0:53:07]} 28...Rc2 {[%clk
0:45:49]} 29.Kf1 {[%clk 0:48:52]} 29...Nc3 {[%clk 0:41:58]} 30.Nxc3 {[%clk
0:31:36]} 30...Rxc3 {[%clk 0:42:23]} 31.Rb8+ {[%clk 0:24:51]} 31...Kg7 {[%clk
0:42:32]} 32.Ne8+ {[%clk 0:20:13]} 32...Kh6 {[%clk 0:39:33]} 33.d5 {[%clk
0:14:31]} 33...a3 {[%clk 0:37:12]} 34.Ra8 {[%clk 0:14:26]} 34...Bc5 {[%clk
0:33:26]} 35.Kg2 {[%clk 0:03:45]} 35...Rc2+ {[%clk 0:28:26]} 36.Kh3 {[%clk
0:04:10]} 36...f5 {[%clk 0:28:18]} 37.d6 {[%clk 0:00:37]} 37...Rd2 {[%clk
0:22:49]} 38.Ra5 {[%clk 0:00:35]} 38...a2 {[%clk 0:21:21]} 39.f4 {[%clk
0:00:32]} 39...Bd4 {[%clk 0:20:45]} 40.Rxa2 {[%clk 0:30:31]} 40...Rxa2 {[%clk
0:51:06]} 41.d7 {[%clk 0:30:59]} 41...Bb6 {[%clk 0:51:07]} 0-1